000 01625nam0a22003131 4500
001 v19\rc\1712688
005 20250619034409.0
035 _a(NLR Aleph) 004812193
090 _a4939102
_c4939102
100 _a20061002d1899 |||y0rusy50 ca
101 1 _arus
_cger
102 _aRU
105 _aa z |||||
200 1 _aЧеловек
_eСтроение и отправления органов нашего тела
_eПопул. руководство для самообразования, для учеб. заведений, нар. шк., низшего сан. персонала и пр. и пр.
_eС разборною хромолит. моделью и 11 рис. в тексте
_f[Соч.] Д-ра П. Эбенгеха
_gПер. с 6 нем. испр. и доп. изд. М.М. Бродовский, под ред. д-ра Б.В. Михаловского, орд. Клиники внутр. болезней Воен.-мед. акад.
210 _aСанкт-Петербург
_aМосква
_cт-во М.О. Вольф
_dценз. 1899
_eСанкт-Петербург
215 _a[6], 18 с., 1 складной л. ил. на обл.
_cил.
_d28
700 1 _aЭбенгех
_bП.
702 1 _aБродовский
_bМ.М.
_4730
702 1 _aМихаловский
_bБ.В.
_4340
702 1 _aМайман
_bП.Д.
_f1872-
_gПинхус Давидович
_4730
801 0 _aRU
_bNLR
_gpsbo
801 0 _aRU
_bRuMoRGB
_2psbo
801 1 _aRU
_bProSoft-M
_2rusmarc
852 _aNLR
_j20.64.2.1
899 _aRuMoRGB
_jS 41/526
899 _aRuMoRGB
_jS 72/455
899 _aБАН
942 _cBOOK
980 _aNB